000 005030000a22001810004500
003 MACL
005 20151209125706.0
008 151209b xxu||||| |||| 00| 0 eng d
040 _aMACL
_cMACL
041 _aHindi
082 _a741.642
100 _aअंजीव रावत
_919837
245 _aजंगल की कहानियां
260 _bपुस्‍तक भवन
_c2007
350 _a100
650 _aचिल्‍डन बुक
_9314
942 _cHIN
_k741.642
_2ddc
999 _c44427
_d44427